| 000 | 00673 a2200193 4500 | ||
|---|---|---|---|
| 020 | _a9971642557 | ||
| 020 | _a9789971642556 | ||
| 090 |
_c1615 _d1615 |
||
| 100 | 1 | _aLittle, Graham. | |
| 245 | 1 | 0 |
_a101 ways to be a better sales manager / _cGraham Little. |
| 260 |
_a[S.l.] : _bHeinemann Asia, Singapore, _c1991. |
||
| 300 |
_a92 p. ; _c22 cm. |
||
| 490 | 1 | _aProfessional improvement. | |
| 500 | _aPaperback. | ||
| 830 | 0 | _aProfessional improvement. | |
| 856 | 4 | 0 |
_3Amazon.com _uhttp://www.amazon.com/exec/obidos/ASIN/9971642557/chopaconline-20 |
| 856 | 4 | 0 |
_3Amazon customer reviews _uhttp://www.chopac.org/cgi-bin/tools/azrev.pl?q=9971642557 |
| 942 |
_aNBS _cBK _k658.81 |
||
| 999 |
_c344131 _d344131 |
||